000 00268 a2200109 4500
001 50973
040 _cAnchieta - Pituba
240 1 0 _aGincana interna Anchieta 2009
_l
245 1 0 _aGincana interna Anchieta 2009
650 4 _aLĂ­nguas espanhola e portuguesa
942 _cMX
999 _c50973
_d50973